Names of Countries of the World in Spanish - Statistics

General Stats
  • This quiz has been taken 12 times
  • The average score is 35 of 96
Answer Stats
Hint Answer % Correct
Brazil Brasil
70%
Germany Alemania
60%
France Francia
60%
Greece Grecia
60%
Iceland Islandia
60%
Italy Italia
60%
Poland Polonia
60%
Russia Rusia
60%
Saint Lucia Santa Lucía
60%
Afghanistan Afganistán
50%
Antigua and Barbuda Antigua y Barbuda
50%
Cape Verde Cabo Verde
50%
Cyprus Chipre
50%
South Corea Corea del Sur
50%
Croatia Croacia
50%
Denmark Dinamarca
50%
Egypt Egipto
50%
Slovenia Eslovenia
50%
Spain España
50%
United States Estados Unidos
50%
Philippines Filipinas
50%
Finland Finlandia
50%
Hungary Hungría
50%
Marshall Islands Islas Marshall
50%
Lithuania Lituania
50%
Luxembourg Luxemburgo
50%
North Macedonia Macedonia del Norte
50%
Dominican Republic República Dominicana
50%
Romania Rumania
50%
Bhutan Bután
40%
Cambodia Camboya
40%
Qatar Catar
40%
North Korea Corea del Norte
40%
Slovakia Eslovaquia
40%
Ethiopia Etiopía
40%
Grenada Granada
40%
Equatorial Guinea Guinea Ecuatorial
40%
Iraq Irak
40%
Ireland Irlanda
40%
Jordan Jordania
40%
Kenya Kenia
40%
Libya Libia
40%
Malaysia Malasia
40%
Maldives Maldivas
40%
Norway Noruega
40%
New Zealand Nueva Zelanda
40%
Netherlands Países Bajos
40%
Republic of the Congo República del Congo
40%
Singapore Singapur
40%
Syria Siria
40%
South Africa Sudáfrica
40%
South Sudan Sudán del Sur
40%
Suriname Surinam
40%
Saudi Arabia Arabia Saudita
30%
Algeria Argelia
30%
Bahrain Baréin
30%
Bosnia and Herzegovina Bosnia y Herzegovina
30%
Botswana Botsuana
30%
Fiji Fiyi
30%
Solomon Islands Islas Salomón
30%
Japan Japón
30%
Lesotho Lesoto
30%
Malawi Malaui
30%
Morocco Marruecos
30%
Moldova Moldavia
30%
Czech Republic República Checa
30%
Democratic Republic of the Congo República Democrática del Congo
30%
Rwanda Ruanda
30%
São Tomé and Príncipe Santo Tomé y Príncipe
30%
Sierra Leone Sierra Leona
30%
Sweden Suecia
30%
Switzerland Suiza
30%
Thailand Tailandia
30%
Trinidad and Tobago Trinidad y Tobago
30%
Djibouti Yibuti
30%
Azerbaijan Azerbaiyán
20%
Cameroon Camerún
20%
Ivory Coast Costa de Marfil
20%
United Arab Emirates Emiratos Árabes Unidos
20%
Kazakhastan Kazajistán
20%
Latvia Letonia
20%
Mauritius Mauricio
20%
Palau Palaos
20%
Papua New Guinea Papúa Nueva Guinea
20%
Saint Kitts and Nevis San Cristóbal y Nieves
20%
Saint Vincent and the Grenadines San Vicente y las Granadinas
20%
Tajikistan Tayikistán
20%
East Timor Timor Oriental
20%
Tunisia Túnez
20%
Turkey Turquía
20%
Ukraine Ucrania
20%
Vatican City Ciudad del Vaticano
10%
Comoros Comoras
10%
Kyrgyzstan Kirguistán
10%
Central African Republic República Centroafricana
10%
Zimbabwe Zimbabue
10%
No matching quizzes found
Score Distribution
Percent of People with Each Score
Percentile by Number Answered
Your Score History
You have not taken this quiz